Джейн Еър (Запис номер 326527)
[ съкратено ]
| 000 -Лидер | |
|---|---|
| Контролно поле с фиксирана дължина | 01145nam a2200325 a 4500 |
| 003 - Код на организацията, давaща контролен номер | |
| Контролно поле | BLK |
| 005 - Дата и час на последна редакция | |
| Контролно поле | 20250701145932.0 |
| 008 - Елементи от данни с фиксирана дължина | |
| fixed length control field | 181122b bu ||||| |||| 00| 0 bu d |
| 020 ## - Международен стандартен номер на книга ISBN | |
| Международен стандартен номер на книга ISBN | 9789542618041 |
| 040 ## - Източник на каталожния запис | |
| Идентификатор на билиотеката - собственик на записа | BLK |
| 041 ## - Код за език | |
| Код за езика на текст/звукозапис или на отделно заглавие | Български |
| Код за езика КДБФ | Български |
| 080 ## - УДК | |
| Текстов определител УДК | Английска литература |
| УДК код - определител по УДК | 821.111 |
| УДК - код + определител | 821.111-31 |
| УДК определител | -31 |
| 100 ## - Редна дума - Автор | |
| R(LIN) | 260402 |
| Автор | Бронте, Шарлот |
| Авторска отговорност | първи автор |
| 139 ## - Редно поле | |
| Редна дума | Бронте, Шарлот |
| Авторски знак | Бро - Б 82 |
| 240 ## - Унифицирано заглавие | |
| Унифицирано заглавие | Jane Eyre |
| 245 ## - Сведения за заглавието | |
| Заглавие | Джейн Еър |
| Редно поле (дума) | Шарлот Бронте; прев. от англ. Христо Кънев. |
| 257 ## - Страна на издаване | |
| Страна на създаване/издаване | България |
| 260 ## - Област на издателските данни | |
| Място на издаване, разпространение и проч. | Пловдив |
| Име на издателя, разпространителя и проч. | Хермес |
| Година на издаване | 2021 |
| 9 (RLIN) | 209439 |
| Печатница | София : Мултипринт |
| Издателство - префикс ISBN | 978-954-26- |
| 300 ## - Физическа характеристика | |
| Страници | 528 с. |
| Размери/Мащаб | 22 см |
| 380 ## - Жанр | |
| Жанр | Худож. лит. |
| 490 ## - СЕРИИ (Колекции) | |
| 9 (RLIN) | 207044 |
| Име на серия | Клуб Класика |
| 500 ## - Общи забележки | |
| Забележка | Ориг. загл.: Jane Eyre / Charlotte Brontë |
| 700 ## - Други автори (авторска отговорност) | |
| 9 (RLIN) | 246217 |
| Лично име | Кънев, Христо Петров |
| Автороска отговорност (Описва отношението между автора и произведението) | прев. от англ. |
| 852 ## - Местоположение | |
| Форматна сигнатура | Цб 291820 |
| 999 ## - СИСТЕМНИ КОНТРОЛНИ НОМЕРА | |
| Koha biblionumber | 326527 |
| Koha biblioitemnumber | 326527 |
| 942 ## - АРТИКУЛИ | |
| Вид на библиотечния материал | Книги |
| Скрит в OPAC | Не |
| Периодичен библиозапис | Да |
| Koha issues (borrowed), all copies | 32 |
| 944 ## - СЪЗДАВАНЕ И РЕДАКЦИЯ на ЗАПИСА | |
| Създаване/Редакция | Създаване |
| Дата на регистрацията/редакция | 2018-11-22 |
| Служител, извършил регистрацията/редакцията | 30531 |
| Статус, дата на статуса | Цветелина Шанова |
| 999 ## - СИСТЕМНИ КОНТРОЛНИ НОМЕРА | |
| Koha biblioitemnumber | 326527 |
| 999 ## - СИСТЕМНИ КОНТРОЛНИ НОМЕРА | |
| Koha biblioitemnumber | 326527 |
| 999 ## - СИСТЕМНИ КОНТРОЛНИ НОМЕРА | |
| Koha biblioitemnumber | 326527 |
| Код за отписване | Код за изгубен артикул | Източник на класификационната схема | Код за повреда | Коз за рестрикции | Код за отдаване | Артикулен № | Име на библиотеката - собственик | Име на библиотеката, в която се намира в момента | Статус (Текущо местоположение) | Дата на вписване в системата | Местоположение - отдел | Цена в лева | Систематично азбучна сигнатура | Баркод | Цена в евро | Служебен тип на артикула |
|---|---|---|---|---|---|---|---|---|---|---|---|---|---|---|---|---|
| Не е изгубен | Universal Decimal Classification | Не е повреден | без рестрикции | ползва се в читалня | 682593 | Регионална библиотека "Любен Каравелов" Русе | Регионална библиотека "Любен Каравелов" Русе | Хранилище | 2018-11-22 | Хранилище | 19.95 | Цб 291820 | 120000825776 | 10.20 | Книги | |
| Не е изгубен | Universal Decimal Classification | Не е повреден | заемане за дома | 878835 | Регионална библиотека "Любен Каравелов" Русе | Регионална библиотека "Любен Каравелов" Русе | Заемна - подръчен фонд | 2022-03-25 | Заемна - подръчен фонд | 13.96 | 821-31/Б 82 Ш | 120000870315 | 7.14 | Книги | ||
| Не е изгубен | Universal Decimal Classification | Не е повреден | без рестрикции | заемане за дома | 882447 | Регионална библиотека "Любен Каравелов" Русе | Регионална библиотека "Любен Каравелов" Русе | Заемна - подръчен фонд | 2022-04-26 | Заемна - подръчен фонд | 13.97 | 821-31/Б 82 Ш | 120000871420 | 7.14 | Книги | |
| Не е изгубен | Universal Decimal Classification | Не е повреден | без рестрикции | заемане за дома | 882448 | Регионална библиотека "Любен Каравелов" Русе | Регионална библиотека "Любен Каравелов" Русе | Заемна - подръчен фонд | 2022-04-26 | Заемна - подръчен фонд | 13.97 | 821-31/Б 82 Ш | 120000871419 | 7.14 | Книги |